| 000 | 00798nam a2200229 i 4500 | ||
|---|---|---|---|
| 001 | 102939 | ||
| 003 | ES-MaACL | ||
| 005 | 20230906183224.0 | ||
| 007 | t| | ||
| 008 | 051221s2004 sp a |||| |dspa d | ||
| 080 | _a929 Balmis, Francisco Javier | ||
| 080 | _a910.4(100)"18" | ||
| 080 | _a616.912-084.47"18" | ||
| 245 | 0 | 0 |
_aBicentenario de la "Real Expedición Filantrópica de la Vacuna" _b: 1803 a 1806-2003 a 2006. |
| 260 |
_aMadrid : _bMedina Militar, _c2004. |
||
| 300 |
_ap. 65-160 : _bil. ; _c30 cm. |
||
| 595 | _aEs el v. 60, n. 2 de: Revista medicina militar, 2004. | ||
| 600 | 1 | 4 |
_aBalmis, Francisco Javier. _925099 |
| 611 | 2 | 4 |
_aExpedición Marítima de la Vacuna (. _d1803-1810) _9162901 |
| 650 | 1 | 4 |
_aViruela- _xVacunación- _vHistoria. _917831 |
| 852 |
_aES-MaACL _j2198-F-15 |
||
| 999 |
_c102939 _d102939 |
||